000 00947nmc a2200349 a 4500
003 AR-BaBNM
005 20251128204519.0
008 275019s1993 ||||||||||||||000 | spa||
020 _a950-582-144-1
040 _cAR-BaBNM
100 1 _aDavid, José
245 1 0 _aJuegos y trabajo social
_bun nuevo auxiliar de la práctica
250 _a4ª ed.
260 _aBuenos Aires
_bHumanitas
_c1993
300 0 _a279 p.
_bgráfs.
490 0 _aDesarrollo social
500 0 _aApéndice en p. 251-270
504 _aBibliografía en p. 271-273
650 4 _aTRABAJO SOCIAL
650 4 _aTRABAJO EN GRUPO [TRABAJO SOCIAL]
650 4 _aCOMUNICACION
650 4 _aDINAMICA DE GRUPO
650 4 _aLIDERAZGO
650 4 _aVALORES MORALES
650 4 _aVALORES SOCIALES
650 4 _aCREATIVIDAD
650 4 _aEVALUACION
650 4 _aCOOPERACION
800 1 _aSierra de Villaverde, Sela
_edirector
942 _cBK
998 _cMarce
999 _c7726
_d7726